Využívanie odpadu ako nástroja šetrenia surovinovými zdrojmi a zvyšovania konkurencieschopnosti v podmienkach SR diplomová práca

Salvato in:
Dettagli Bibliografici
Autore principale: Csuhaj, Miroslav
Ente Autore: Obchodná fakulta EU. Katedra tovaroznalectva a kvality tovaru
Altri autori: Kačeňák, Igor
Natura: Libro
Lingua:slovacco
Pubblicazione: Bratislava 2008
Tags: Aggiungi Tag
Nessun Tag, puoi essere il primo ad aggiungerne!!

MARC

LEADER 00000nam$a2200000$$$4500
001 0085734
005 20240201120807.0
041 0 |a slo 
044 |a SK 
245 1 0 |a Využívanie odpadu ako nástroja šetrenia surovinovými zdrojmi a zvyšovania konkurencieschopnosti v podmienkach SR  |b diplomová práca  |c Miroslav Csuhaj ; škol. Igor Kačeňák 
264 1 |a Bratislava  |c 2008 
300 |a 82 s. 
100 1 |a Csuhaj, Miroslav 
700 1 |a Kačeňák, Igor 
710 2 |a Obchodná fakulta EU. Katedra tovaroznalectva a kvality tovaru